000 00679nam a2200205 i 4500
001 bg
100 1 _aWALICKA, Anna.
245 1 0 _aMechanika płynów.
_n2,
_pMateriały pomocnicze do ćwiczeń laboratoryjnych /
_cAnna Walicka, Edward Walicki, Małgorzata Ratajczak.
260 _aZielona Góra :
_bRedakcja Wydawnictw Naukowo-Technicznych,
_c2002.
300 _a87 s. :
_bil. ;
_c30 cm.
650 9 _aMechanika płynów
655 _aĆwiczenia i zadania dla szkół wyższych
700 1 _aWALICKI, Edward
700 1 _aRATAJCZAK, Małgorzata
040 _cBPK
041 0 _apol
080 _a532(075.8)(076)
942 _cKS
008 s pl f |000 0 pol
999 _c42654
_d42654
856 _uhttp://koha.tu.koszalin.pl/cgi-bin/koha/opac-detail.pl?biblionumber=42654
_yKatalog online BPK